Miasta w Polsce z tramwajami - nagła śmierć - Statystyki

Ogólne statystyki
  • Ten quiz został rozwiązany 220 razy
  • Średni wynik to 9 z 15
Answers on the Grid
Answers color-coded by a green-red scale on the quiz's grid according to % correct below.
Białystok
Bydgoszcz
Częstochowa
Elbląg
Gdańsk
Gdynia
Gorzów Wielkopolski
Grudziądz
Kalisz
Katowice
Kielce
Koszalin
Kraków
Łódź
Lublin
Olsztyn
Opole
Płock
Poznań
Radom
Rzeszów
Siedlce
Słupsk
Szczecin
Toruń
Warszawa
Wrocław
Zielona Góra
 
Statystyki odpowiedzi
Odpowiedź % Poprawnych
Warszawa
80%
Gdańsk
78%
Wrocław
77%
Kraków
75%
Bydgoszcz
69%
Poznań
68%
Łódź
64%
Katowice
62%
Szczecin
58%
Częstochowa
49%
Toruń
46%
Grudziądz
42%
Olsztyn
41%
Elbląg
39%
Gorzów Wielkopolski
35%
Nie znaleziono quizów pasujących do podanych kryteriów
Rozkład punktacji
Procent ludzi z każdym wynikiem
Percentyl według liczby udzielonych odpowiedzi
Twoja historia wyników
Nie rozwiązałeś tego quizu